League of Legends - Ultimates - Statistics

General Stats
  • This quiz has been taken 679 times
  • The average score is 23 of 54
Answer Stats
Hint Answer % Correct
Glacial Storm Anivia
81%
Pyroclasm Brand
80%
Cannon Barrage Gangplank
78%
Needlework Gwen
77%
Paranoia Nocturne
77%
Featherstorm Xayah
75%
Stranglethorns Zyra
73%
Aspect Of The Cougar Nidalee
72%
The Call of the Pack Naafiri
70%
Lilting Lullaby Lillia
69%
Command: Shockwave Orianna
69%
Crowstorm Fiddlesticks
65%
Hostile Takeover Renata Glasc
58%
Weaver's Wall Taliyah
58%
Missile Barrage Corki
54%
Lamb's Respite Kindred
52%
Grand Challenge Fiora
51%
Daisy! Ivern
51%
Moonfall Diana
50%
Noxious Trap Teemo
48%
Endless Banquet Bel'Veth
46%
Absolute Zero Nunu
45%
Call of the Forge God Ornn
44%
The Hextech Ultimatum Camille
41%
Magnet Storm Rell
41%
Slicing Maelstrom Kennen
37%
Fate Sealed Yone
37%
Perfect Execution Akali
36%
Nature's Grasp Maokai
36%
Grandmaster-at-Arms Jax
35%
Grand Starfall Pantheon
35%
Supreme Display of Talent Quiana
32%
Chronobreak Ekko
31%
Final Hour Vayne
29%
Last Caress Evelynn
28%
Monsoon Janna
28%
Stand United Shen
27%
Spiraling Despair Hwei
26%
Onslaught of Shadows Hecarim
25%
Behind Enemy Lines Quinn
25%
Fear Beyond Death Urgot
25%
Keeper's Verdict Poppy
24%
Maximum Dosage Dr.Mundo
23%
Dragon's Rage Lee Sin
23%
Encore Seraphine
23%
Primordial Burst Veigar
23%
Cyclone Wukong
23%
Breath of Life Milio
20%
Rite of the Arcane Xerath
20%
Infinite Duress Warwick
19%
Lightning Crash Zeri
19%
Last Breath Yasuo
17%
Leap of Faith Illaoi
15%
Wingborne Storm Udyr
13%
No matching quizzes found
Score Distribution
Percent of People with Each Score
Percentile by Number Answered
Your Score History
You have not taken this quiz